|
|
|
|
| LEADER |
00000nas a2200000 i 4500 |
| 001 |
ssj0001916435 |
| 003 |
WaSeSS |
| 005 |
20200512172242.0 |
| 006 |
m d |
| 007 |
cr n |
| 008 |
171108c19079999enkuu pss 0 a0eng |
| 010 |
|
|
|a 2017208069
|
| 015 |
|
|
|a GBB780058
|2 bnb
|
| 016 |
7 |
|
|a 017909384
|2 Uk
|
| 022 |
|
|
|a 2398-7723
|
| 035 |
|
|
|a (WaSeSS)ssj0001916435
|
| 040 |
|
|
|a DLC
|b eng
|e pn
|c DLC
|d OCLCO
|d DLC
|d OCLCF
|d OCLCQ
|d AU@
|d UAB
|d NLE
|d VT2
|d COO
|d UX1
|d ZXC
|d UOK
|d XQM
|d VMY
|d UKMGB
|d WYU
|d LVT
|d YOR
|d CUS
|d WaSeSS
|
| 042 |
|
|
|a pcc
|
| 050 |
0 |
0 |
|a JZ6.5
|
| 245 |
0 |
0 |
|a AJIL unbound
|h [electronic resource].
|
| 246 |
3 |
|
|a American Journal of International Law unbound
|
| 260 |
|
|
|a [Cambridge, England] :
|b [Cambridge University Press]
|
| 362 |
1 |
|
|a Began with [Volume 1, issue 1 (January 1907)]?
|
| 500 |
|
|
|a AJIL (American Journal of International Law) began with [Volume 1, issue 1 (January 1907)].
|
| 506 |
|
|
|a License restrictions may limit access.
|
| 550 |
|
|
|a Issued by: American Society of International Law.
|
| 580 |
|
|
|a Supplement to: American Society of International Law.
|
| 588 |
|
|
|a Description based on: Volume 108 (2014); title from PDF title screen (viewed November 8, 2017).
|
| 588 |
|
|
|a Latest issue consulted: Volume 111, (2017) (viewed November 8, 2017).
|
| 650 |
|
0 |
|a International relations
|v Periodicals.
|
| 650 |
|
0 |
|a International law
|v Periodicals.
|
| 650 |
|
7 |
|a International law.
|2 fast
|0 (OCoLC)fst00976984
|
| 650 |
|
7 |
|a International relations.
|2 fast
|0 (OCoLC)fst00977053
|
| 655 |
|
0 |
|a Electronic journals.
|
| 710 |
2 |
|
|a American Society of International Law.
|
| 710 |
2 |
|
|a Cambridge University Press.
|
| 772 |
0 |
|
|t American journal of international law
|x 0002-9300
|w (DLC) 08036306
|w (OCoLC)1480149
|
| 772 |
0 |
|
|t American journal of international law
|x 2161-7953
|w (DLC)sn 98023303
|w (OCoLC)39852205
|
| 775 |
0 |
8 |
|i Issued also as a website:
|t AJIL unbound.
|d Washington DC : The American Society of International Law, 2014-
|w (OCoLC)877885200
|
| 776 |
0 |
8 |
|i Print version:
|t AJIL unbound
|
| 850 |
|
|
|a DLC
|
| 856 |
4 |
0 |
|z Full text available from Research Library: 01/01/2017 to 1 year ago
|u https://search.proquest.com/publication/2046278
|